[Event "Novosibirsk Region-ch sf"]
[Site "Novosibirsk"]
[Date "2008.10.22"]
[Round "5"]
[White "Bublei, Pavel"]
[Black "Novichkov, Vladimir"]
[Result "1-0"]
[WhiteElo "2152"]
[BlackElo "2146"]
[PlyCount "59"]
[EventDate "2008.10.18"]
[EventType "swiss"]
[EventRounds "9"]
[EventCountry "RUS"]
[SourceTitle "EXT 2022"]
[Source "ChessBase"]
[SourceDate "2021.10.06"]
[SourceVersion "1"]
[SourceVersionDate "2021.10.06"]
[SourceQuality "1"]

1. d4 d5 2. c4 c6 3. Nf3 e6 4. e3 Bd6 5. Nbd2 Nd7 6. Bd3 Ne7 7. e4 e5 8. 0-0 exd4 9. exd5 Nf6 10. Nxd4 cxd5 11. cxd5 0-0 12. Ne4 Nexd5 13. Bg5 Be7 14. Re1 Bg4 15. Qb3 Nb6 16. Nb5 a6 17. Bxf6 Bxf6 18. Nxf6+ Qxf6 19. Nc3 Rad8 20. Be4 Rd2 21. Bxh7+ Kxh7 22. Ne4 Qxb2 23. Nxd2 Qxb3 24. Nxb3 Be6 25. Nc5 Bd5 26. Re7 Rc8 27. Nxb7 Rc2 28. a3 Nc4 29. Rd7 Nb6 30. Rd6 1-0

[Event "Novosibirsk April op"]
[Site "Novosibirsk"]
[Date "2008.04.12"]
[Round "8"]
[White "Sukhanov, Dmitry"]
[Black "Novichkov, Vladimir"]
[Result "0-1"]
[WhiteElo "2136"]
[BlackElo "2111"]
[PlyCount "90"]
[EventDate "2008.04.05"]
[EventType "swiss"]
[EventRounds "9"]
[EventCountry "RUS"]
[SourceTitle "EXT 2010"]
[Source "ChessBase"]
[SourceDate "2010.11.25"]
[SourceVersion "1"]
[SourceVersionDate "2010.11.25"]
[SourceQuality "1"]

1. e4 c5 2. Nf3 e6 3. d4 cxd4 4. Nxd4 a6 5. c4 Nf6 6. Nc3 Qc7 7. Bd3 Nc6 8. Nxc6 dxc6 9. 0-0 Bc5 10. Na4 Bd4 11. c5 0-0 12. Bg5 h6 13. Bh4 g5 14. Bg3 e5 15. Re1 Be6 16. Qc2 Rad8 17. Rad1 Nh5 18. b4 Qe7 19. Nc3 Nxg3 20. hxg3 Qf6 21. a3 Rd7 22. Rf1 Rfd8 23. Rd2 g4 24. Ne2 Qg5 25. Nxd4 Rxd4 26. Rdd1 h5 27. Be2 Rd2 28. Rxd2 Qxd2 29. Qc1 Rd4 30. Qxd2 Rxd2 31. Re1 Ra2 32. f4 gxf3 33. gxf3 Rxa3 34. Rd1 Rb3 35. Rd8+ Kg7 36. Rb8 Rb1+ 37. Kf2 Rb2 38. Ke1 Rxb4 39. Bxa6 Rb3 40. Be2 Kf6 41. Kf2 Ke7 42. f4 exf4 43. gxf4 Bg4 44. Ba6 Rf3+ 45. Kg2 bxa6 0-1

[Event "Novosibirsk April op"]
[Site "Novosibirsk"]
[Date "2008.04.08"]
[Round "4"]
[White "Kuzmin, Artem"]
[Black "Novichkov, Vladimir"]
[Result "0-1"]
[WhiteElo "1992"]
[BlackElo "2111"]
[PlyCount "126"]
[EventDate "2008.04.05"]
[EventType "swiss"]
[EventRounds "9"]
[EventCountry "RUS"]
[SourceTitle "EXT 2010"]
[Source "ChessBase"]
[SourceDate "2010.11.25"]
[SourceVersion "1"]
[SourceVersionDate "2010.11.25"]
[SourceQuality "1"]

1. e4 e5 2. Nc3 Nf6 3. Bc4 Be7 4. d3 c6 5. f4 d6 6. Nf3 Nbd7 7. 0-0 Qc7 8. Qe2 b5 9. Bb3 Nc5 10. Kh1 Nxb3 11. axb3 Nd7 12. Be3 exf4 13. Bxf4 0-0 14. d4 b4 15. Nd1 a5 16. Qf2 Nf6 17. Re1 Qd8 18. e5 Nd5 19. Bd2 Be6 20. Qg3 Kh8 21. Nf2 Bf5 22. Ne4 dxe5 23. dxe5 Bg6 24. Rad1 Qb6 25. Nh4 Bxh4 26. Qxh4 Rae8 27. Nd6 Re6 28. Nc4 Qc7 29. Rc1 Ne7 30. Qf2 Nd5 31. Qc5 Rb8 32. Nxa5 h6 33. Nc4 Rb5 34. Qf2 f6 35. Qg3 Kh7 36. exf6 Qxg3 37. hxg3 Rxf6 38. Kg1 Rb8 39. Ne5 Bf5 40. g4 Bc8 41. g5 hxg5 42. Bxg5 Rf5 43. Bd2 c5 44. Nd3 Nf6 45. Be3 Rb5 46. Rf1 Rd5 47. Rf4 Bf5 48. Rc4 Nd7 49. Rh4+ Kg8 50. Ne1 Re5 51. Bf4 Re2 52. Kf1 Re4 53. Bg5 Bg4 54. Ra1 Rb8 55. Ra7 Rf8+ 56. Nf3 Ne5 57. Re7 Bxf3 58. gxf3 Rxf3+ 59. Kg2 Re2+ 60. Kg1 Rf5 61. Re8+ Kf7 62. Re7+ Kg6 63. Bf4 Nf3+ 0-1

[Event "Novosibirsk-ch"]
[Site "Novosibirsk"]
[Date "2008.02.23"]
[Round "2"]
[White "Novichkov, Vladimir"]
[Black "Survilo, Viktoria"]
[Result "1-0"]
[WhiteElo "2134"]
[BlackElo "1889"]
[PlyCount "105"]
[EventDate "2008.02.22"]
[EventType "swiss"]
[EventRounds "9"]
[EventCountry "RUS"]
[SourceTitle "CBM 123 Extra"]
[Source "ChessBase"]
[SourceDate "2008.05.06"]
[SourceVersion "1"]
[SourceVersionDate "2008.05.06"]
[SourceQuality "1"]

1. e4 e6 2. d4 d5 3. e5 c5 4. c3 Nc6 5. Nf3 Bd7 6. Be2 Nge7 7. 0-0 Nf5 8. dxc5 Bxc5 9. b4 Bb6 10. b5 Na5 11. Ba3 Ne7 12. Nbd2 Rc8 13. Rc1 0-0 14. Bd3 g6 15. Qe2 Re8 16. Nd4 Nf5 17. N2f3 Bc5 18. Bb4 Bf8 19. Rfd1 Nxd4 20. Nxd4 Nc4 21. Bxf8 Rxf8 22. h3 Qa5 23. Nf3 Bxb5 24. Nh2 Ba4 25. Re1 Nb6 26. Qd2 Nd7 27. Ng4 Qd8 28. Qh6 Qe7 29. Qf4 Bc6 30. Nf6+ Kg7 31. Ng4 Qh4 32. Re3 a6 33. Kh2 h5 34. Qh6+ Kg8 35. Rg3 Qe7 36. Nf6+ Nxf6 37. Bxg6 fxg6 38. Rxg6+ Kf7 39. Rxf6+ Kg8 40. Rg6+ Kf7 41. Rg7+ Ke8 42. Rxe7+ Kxe7 43. Qxh5 Rce8 44. Qh4+ Kd7 45. Qd4 Re7 46. c4 Rg7 47. g3 Rgf7 48. f4 Rg7 49. Qc5 Ke8 50. Qd6 Kf7 51. f5 Re8 52. fxe6+ Rxe6 53. Rf1+ 1-0

[Event "Novosibirsk-ch sf"]
[Site "Novosibirsk"]
[Date "2008.01.18"]
[Round "5"]
[White "Novichkov, Vladimir"]
[Black "Vershinin, Mikhail"]
[Result "1-0"]
[WhiteElo "2111"]
[BlackElo "2409"]
[PlyCount "59"]
[EventDate "2008.01.13"]
[EventType "swiss"]
[EventRounds "9"]
[EventCountry "RUS"]
[SourceTitle "EXT 2010"]
[Source "ChessBase"]
[SourceDate "2010.11.25"]
[SourceVersion "1"]
[SourceVersionDate "2010.11.25"]
[SourceQuality "1"]

1. e4 c6 2. d4 d5 3. e5 Bf5 4. Nc3 e6 5. Nce2 c5 6. Ng3 Bg6 7. h4 h6 8. Bb5+ Nc6 9. c3 Qb6 10. Bxc6+ bxc6 11. dxc5 Bxc5 12. Nh3 Qb5 13. Nf4 Ne7 14. Nge2 Be4 15. 0-0 g5 16. Nh5 0-0-0 17. b4 Bb6 18. Nd4 Qc4 19. Be3 gxh4 20. Nf6 Rhg8 21. Nxg8 Rxg8 22. f3 Qxc3 23. Bf2 Bd3 24. Rc1 Qa3 25. Re1 h3 26. g4 Bc4 27. Nc2 Rxg4+ 28. Kh1 Qc3 29. Ne3 Bxe3 30. Rxc3 1-0